| 000 | 00793nam a2200229Ia 4500 | ||
|---|---|---|---|
| 001 | 17584 | ||
| 003 | GE_BSU | ||
| 008 | 181216s||||||||xx |||||||||||||| ||und|| | ||
| 040 | _cGE_BSU | ||
| 080 | _a821.353.1-1 + 821-1 | ||
| 100 | _aმაჭავარიანი,მუხრან | ||
| 245 | _aლექსები,თარგმანები | ||
| 245 | _cშემდ.:გივი ძნელაძე, ვაჟა ჩორდელი;მხატვ.: ო.ჯიშკარიანი | ||
| 260 | _aთბილისი | ||
| 260 | _bსაბჭ.საქართველო | ||
| 260 | _c1985 | ||
| 300 | _a671გვ.;20სმ | ||
| 300 | _e1ფ.პორტრ. | ||
| 653 | _aთარგმანები | ||
| 653 | _aლექსები | ||
| 942 | _cBK | ||
| 999 |
_c50634 _d50634 |
||